MARC

LEADER 00000nam0a2200000 4500
001 143979
005 20231101221050.0
010 |a 5623004499 
035 |a (RuTPU)RU\TPU\book\156043 
090 |a 143979 
100 |a 20080927d1990 k y0rusy50 ca 
101 0 |a rus 
102 |a KZ 
105 |a a z 001zy 
200 1 |a Химия сесквитерпеновых лактонов  |f С. М. Адекенов, А. Д. Кагарлицкий  |g Академия наук Казахской ССР (АН КазССР) ; Институт органического синтеза и углехимии  
210 |a Алма-Ата  |c Гылым  |d 1990 
215 |a 188 с.  |c ил. 
320 |a Библиогр.: с. 176-179. 
606 1 |a Сесквитерпеновые соединения  |x (химия)  |2 stltpush  |3 (RuTPU)RU\TPU\subj\78426  |9 87836 
610 1 |a лактоны 
610 1 |a гермакранолиды 
610 1 |a эвдесманолиды 
610 1 |a гваянолиды 
610 1 |a псевдогваянолиды 
610 1 |a сесквитерпеновые лактоны 
675 |a 547.913  |v 3 
700 1 |a Адекенов  |b С. М.  |g Саргазы Мынжасарович 
701 1 |a Кагарлицкий  |b А. Д.  |g Альфред Давыдович 
712 0 2 |a Академия наук Казахской ССР (АН КазССР)  |b Институт органического синтеза и углехимии  |2 stltpush  |3 (RuTPU)RU\TPU\col\13283 
801 1 |a RU  |b 63413507  |c 20080927  |g PSBO 
801 2 |a RU  |b 63413507  |c 20190125  |g PSBO 
942 |c BK